| 000 | 00886nam a2200229 a 4500 | ||
|---|---|---|---|
| 001 | 000373064 | ||
| 003 | AM-YEHGA | ||
| 005 | 20250618072300.0 | ||
| 008 | 041025s ai 000 | arm d | ||
| 040 | _aAM-YeHGA | ||
| 041 | 1 |
_aarm _hrus |
|
| 100 | 1 |
_aԲիանկի, Վիտալի _96766 |
|
| 245 | 1 | 0 |
_aՄիորիկներ / _cՎ. Բիանկի; Փոխ.՝ Հ. Հայրապետյան; Նկ.՝ Մ. յեվ Ս. Րահմանինովներ. |
| 260 |
_aՅերևան : _bՊետհրատ, _cԱ. թ. |
||
| 300 |
_a[10] էջ : _bգուն. նկ. ; _c21 սմ. |
||
| 650 | 1 | 4 |
_aՌուս մանկական գրականություն _xՊատմվածք |
| 700 | 1 |
_aՀայրապետյան, Հայրապետ Սարդարի, _d1874-1962 _eփոխ. _4trl _91697 |
|
| 700 | 1 |
_aՐահմանինով, Մ. _eնկ. _4art |
|
| 700 | 1 |
_aՐահմանինով, Ս. _eնկ. _4art |
|
| 942 |
_2udc _cBK |
||
| 090 | _c143922 | ||
| 999 |
_c142542 _d142542 |
||